| 000 | 01283cam a2200337 a 4500 | ||
|---|---|---|---|
| 020 | _a0470207043 (Wiley : pbk.) | ||
| 082 | 0 | 0 |
_a620.112 _bWAR _cN-01, P-83. |
| 100 | 1 |
_aBenham, P. P. _940905 |
|
| 245 | 1 | 0 |
_aMechanics of engineering materials / _cP.P. Benham, R.J. Crawford. |
| 260 |
_aHarlow, Essex, England : _bLongman Scientific & Technical ; _aNew York : _bWiley, _c1987. |
||
| 300 |
_axix, 626 p. : _bill. ; _c25 cm. |
||
| 526 |
_a0 _b0 _c0 _d620_112000000000000_WAR |
||
| 526 |
_a0 _b0 _c0 _d620_112000000000000_WAR |
||
| 526 |
_a0 _b0 _c0 _d620_112000000000000_WAR |
||
| 526 |
_a0 _b0 _c0 _d620_112000000000000_WAR |
||
| 526 |
_a0 _b0 _c0 _d620_112000000000000_WAR |
||
| 526 |
_a0 _b0 _c0 _d620_112000000000000_WAR |
||
| 526 |
_a0 _b0 _c0 _d620_112000000000000_WAR |
||
| 526 |
_a0 _b0 _c0 _d620_112000000000000_WAR |
||
| 526 |
_a0 _b0 _c0 _d620_112000000000000_WAR |
||
| 526 |
_a0 _b0 _c0 _d620_112000000000000_WAR |
||
| 526 |
_a0 _b0 _c0 _d620_112000000000000_WAR |
||
| 526 |
_a0 _b0 _c0 _d620_112000000000000_WAR |
||
| 526 |
_a0 _b0 _c0 _d620_112000000000000_WAR |
||
| 526 |
_a0 _b0 _c0 _d620_112000000000000_WAR |
||
| 650 | 0 |
_aNUST _96342 |
|
| 650 | 0 |
_aStrength of materials. _9563 |
|
| 650 | 0 |
_aStructural analysis (Engineering) _9654 |
|
| 700 | 1 |
_aCrawford, R. J. _940906 |
|
| 942 |
_2ddc _cBK |
||
| 999 |
_c545133 _d545133 |
||